| 000 | 00667nam a22002057a 4500 | ||
|---|---|---|---|
| 003 | koha_MIRAKIL | ||
| 005 | 20250428090907.0 | ||
| 008 | 250428b tur||||| |||| 00| 0 tur d | ||
| 020 | _a9786257266345 | ||
| 040 |
_aTR-IsEVY _btur _cTR-IsEVY |
||
| 082 | _a551 TOP/S | ||
| 100 | _aTopçuoğlu, Merve | ||
| 245 | 0 |
_aSu damlası Dünya' yı keşfediyor / _cMerve Topçuoğlu ; resimleyen Sadiye Maden. |
|
| 250 | _a5. bs. | ||
| 260 |
_aİstanbul : _bSia Kitap, _c2022. |
||
| 300 |
_a40 s. : _brenkli resimli ; _c21 cm. |
||
| 650 |
_aDoğa Olayları. _vSu Kaynakları. _vSu Döngüsü. _vKüresel Sorunlar. |
||
| 700 | 1 |
_aMaden, Sadiye. _cresimleyen. |
|
| 942 |
_2ddc _cBK |
||
| 999 |
_c21938 _d21938 |
||